000 00620cam a2200241 4500
001 J3957
008 090401t1996 xxu||||| |||| 00| 0 eng d
035 _a(Sirsi) u57682
041 _aeng
050 _a333.337
110 _aSavills
_92020
245 _a1996 - the first six months: regional offices. - August 1996
260 _aLondon
_bSavills
_c1996
300 _a1 folded sheet (6p.) ; 30cm.
350 _a0
650 _aFLOORSPACE STATISTICS
650 _aLONDON
650 _aSOUTH EAST
650 _aWESTERN CORRIDOR
690 _aPROPERTY-COMMERCIAL PROPERTY
942 _n0
948 _c04/03/1997
999 _c93962
_d93962